000 00387nam a2200157Ia 4500
008 221030s9999 xx 000 0 und d
020 _a9788170088530
041 _aEnglish
100 _aB. C. Punmia
245 0 _aSurveying : Vol. I
_cby B. C. Punmia, A. K. Jain
260 _bLaxmi Pub.
_aNew Delhi
_c2018
300 _a520
650 _aCivil
700 _aA. K. Jain
942 _cBK
999 _c18149
_d18149